|
|
|
|
| LEADER |
00000nam0a2200000 4500 |
| 001 |
10467 |
| 005 |
20260305071551.0 |
| 010 |
|
|
|a 5090067023
|
| 035 |
|
|
|a (RuTPU)RU\TPU\book\10528
|
| 035 |
|
|
|a BOOK00010594
|
| 090 |
|
|
|a 10467
|
| 100 |
|
|
|a 20011209d1996 km y0rusy50 ca
|
| 101 |
0 |
|
|a rus
|
| 102 |
|
|
|a RU
|
| 105 |
|
|
|a a eg 001zd
|
| 200 |
1 |
|
|a Знаменитые Россияне
|e биографический словарь-справочник
|f А. Н. Щукин
|
| 210 |
|
|
|a Москва
|c Просвещение
|d 1996
|
| 215 |
|
|
|a 304 с.
|c ил.
|
| 320 |
|
|
|a Именной указатель: с. 298-303
|
| 600 |
|
1 |
|a Апраксин
|b В. С.
|c российский военный
|c генерал-майор
|f 1796-1833
|g Владимир Степанович
|2 stltpush
|3 (RuTPU)RU\TPU\pers\14268
|9 4697
|
| 606 |
|
|
|a Деятели общественные и государственные
|x Персоналии
|y Россия
|7 ca
|8 rus
|2 stltpush
|3 (RuTPU)RU\TPU\subj\64719
|9 81477
|
| 610 |
1 |
|
|a история
|
| 610 |
1 |
|
|a Россия
|
| 610 |
1 |
|
|a СССР
|
| 610 |
1 |
|
|a персоналии
|
| 610 |
1 |
|
|a биографии
|
| 610 |
1 |
|
|a религия
|
| 610 |
1 |
|
|a спорт
|
| 610 |
1 |
|
|a просвещение
|
| 610 |
1 |
|
|a культура
|
| 610 |
1 |
|
|a государственные деятели
|
| 610 |
1 |
|
|a полководцы
|
| 610 |
1 |
|
|a словари
|
| 610 |
1 |
|
|a справочники
|
| 686 |
|
|
|a Т3(2)-8я2
|2 rubbk
|
| 700 |
|
1 |
|a Щукин
|b А. Н.
|g Анатолий Николаевич
|
| 801 |
|
0 |
|a RU
|b 63413507
|c 20011209
|g PSBO
|
| 801 |
|
2 |
|a RU
|b 63413507
|c 20141017
|g PSBO
|
| 850 |
|
|
|a 63413507
|
| 942 |
|
|
|c BK
|